| 000 | 003760000a22001450004500 | ||
|---|---|---|---|
| 020 | _a84-414-1074-7 | ||
| 082 | 0 | 4 | _aB B967q |
| 100 | 1 | _aBussolati Emanuela | |
| 245 | 1 | 0 | _a¿Qué oficio realiza? / Emanuela Bussolati ; ilustracion de Francesca Crovara |
| 260 | _aMadrid : EDAF | ||
| 300 | _a[22 P.] | ||
| 440 | 0 | _a3a serie íAbre las ventanas! | |
| 001 | 2000 | ||
| 942 | _cLGB | ||
| 999 |
_c49150 _d49150 |
||